[Event "RUS-Cup03 Geller Memorial"]
[Site "Moscow"]
[Date "1999.02.11"]
[Round "2"]
[White "Belov, Vladimir"]
[Black "Beshukov, Sergei"]
[Result "0-1"]
[WhiteElo "2349"]
[BlackElo "2511"]
[Annotator "Tsesarsky,I"]
[PlyCount "92"]
[EventDate "1999.02.10"]
[EventType "swiss"]
[EventRounds "9"]
[EventCountry "RUS"]
[SourceTitle "CBM 070"]
[Source "ChessBase"]
[SourceDate "1999.06.08"]
[SourceVersion "1"]
[SourceVersionDate "1999.06.08"]
[SourceQuality "1"]

{[%mdl 2048]} 1. d4 d5 2. c4 e6 3. Nf3 c6 4. Qc2 Nf6 5. Bg5 h6 6. Bxf6 Qxf6 7.
e3 Nd7 8. Nc3 g6 (8... Qd8 $5 9. Rd1 (9. a3 Be7 10. Bd3 O-O 11. O-O a6 12. Rac1
f5 13. cxd5 cxd5 14. Na4 $14 {Lerner,K-Sveshnikov,E/URS ch 1985/Inf 41 (21)} (
14. Qb3 $14 {1/2-1/2 Osnos,V-Sveshnikov,E/Jaroslavl tt 1986 (48)})) (9. Rc1 Be7
10. Bd3 a6 11. O-O O-O 12. Rfd1 f5 13. a3 Bd6 14. b4 $14 {0-1 Kiselev,
S-Gorelov,S/Katowice 1992 (46)}) (9. cxd5 cxd5 10. Bd3 Be7 11. O-O O-O 12. Rac1
a6 13. a3 $14 (13. Rfd1 b5 14. a3 $14 (14. e4 Bb7 15. exd5 b4 16. dxe6 bxc3 17.
exd7 cxb2 18. Qxb2 Bxf3 19. gxf3 Bd6 $15 {0-1 Belkin,A-Kasimdzhanov,R/Tashkent
UZB ch 1993 (23)}))) (9. Be2 Be7 10. O-O-O $5 a6 11. Kb1 b5 12. c5 b4 13. Na4
a5 14. g4 $14 {1-0 Finegold,B-Lukasiewicz,G/Groningen op(3) 1993 (38)}) 9...
Be7 10. Bd3 (10. a3 O-O 11. h3 a6 12. e4 dxe4 13. Qxe4 Nf6 14. Qc2 b6 15. Be2
Qc7 $132 {1-0 Danielsen,H-Maksimenko,A/Farum POL (7) 1993 (40)}) 10... O-O 11.
O-O a6 (11... dxc4 12. Bxc4 b5 13. Bd3 Bb7 14. Ne4 Qb6 15. Rc1 Rac8 16. Nc5
Nxc5 17. dxc5 Qc7 18. Nd4 $14 {1-0 Petrosian,T-Farago,I/Erevan 1982 (53)}) 12.
e4 dxc4 13. Bxc4 b5 14. Be2 Qb6 15. a3 c5 $132 {0-1 Plachetka,J-Sveshnikov,E/
Dubna 1979/Inf 27 (29)}) 9. Bd3 (9. O-O-O Bg7 10. e4 (10. Kb1 O-O 11. h4 $132)
10... Qf4+ 11. Kb1 dxe4 12. Nxe4 O-O 13. Be2 Nf6 14. Nxf6+ Qxf6 15. h4 $5 (15.
c5 $6 b6 $132 {1/2-1/2 Hansen,L-Mednis,E/Amsterdam Euwe-mem 1989 (48)})) (9. a3
Bg7 10. e4 dxe4 11. Nxe4 Qe7 12. O-O-O O-O 13. h4 e5 14. h5 exd4 15. hxg6 fxg6
16. Nh4 $4 (16. Nxd4 $1 Nf6 17. Bd3 Nxe4 18. Bxe4 Rd8 (18... Bg4 19. f3 $16) (
18... Qg5+ 19. Kb1 Qf4 20. f3 $16) 19. Nf3 Rxd1+ 20. Rxd1 g5 21. Re1 $14) 16...
Ne5 $17 {0-1 Skomorokhin,V-Anisimov,A/Kstovo 1994 (26)}) (9. cxd5 exd5 10. Bd3
Bd6 $11 (10... Bb4 11. O-O O-O 12. a3 Bxc3 (12... Bd6 $11) 13. Qxc3 (13. bxc3
$14) 13... Nb6 14. Qc2 $14 {1/2-1/2 Ikonnikov,V-Glavina,P/FrTCh, Montpellier
FRA 1998 (38)})) (9. Be2 Bg7 10. O-O O-O 11. e4 dxe4 12. Nxe4 Qe7 13. Rfe1 Nf6
14. Bd3 Rd8 15. Rad1 Qc7 16. Qc1 Nxe4 17. Bxe4 b6 18. h4 $132 {1-0 Vukadinov,
M-Panken,R/Canadian Open, Winnipeg CAN 1997 (55)}) 9... dxc4 (9... Bg7 10. O-O
(10. cxd5 exd5 $132 (10... cxd5 $6 11. O-O O-O 12. Rfc1 Qe7 13. Qb3 a6 14. a4
b6 15. Na2 Qd6 16. Qb4 Qxb4 (16... Qb8 17. Rc2 $16 {1-0 Belakovskaia,
A-Zitserman,T/ch-USA (Women), Chandler USA 1997 (46)}) 17. Nxb4 a5 18. Nc6 Kh7
19. Rc3 $14)) 10... O-O 11. cxd5 exd5 12. b4 Qd6 13. Rab1 (13. b5 c5 14. dxc5
Nxc5 15. Rad1 Be6 16. Bc4 d4 17. Bxe6 Nxe6 18. exd4 Qb4 19. Qd3 Rfd8 20. Ne2
Rd5 21. Rb1 Qa5 22. Qc4 $44 {0-1 Korobov,I-Goloshchapov,A/Geller mem (Cup
Russia), Moscow RUS 1999 (32)}) 13... a6 14. a4 Nb6 15. Ne2 Be6 16. Nf4 Nd7 17.
b5 axb5 18. axb5 Rfc8 19. bxc6 bxc6 20. Rfc1 c5 21. Nxe6 Qxe6 22. dxc5 Nxc5 $11
{1/2-1/2 Belov,I-Sorokin,M/Moscow rapid ,EXT 1992 (25)}) 10. Bxc4 Bg7 11. O-O (
11. Ne4 Qe7 12. O-O O-O 13. a3 b6 14. Rad1 Bb7 15. Qd3 a6 16. b4 Rfd8 17. Qb1
a5 $15 18. Nc3 (18. Rd2 axb4 19. axb4 Ra4 20. Rb2 c5 $17) (18. Ne1 $2 Rab8 (
18... axb4 19. axb4 (19. Qxb4 c5 $19) 19... Ra7 20. Nc2 (20. Nf3 Ra4 $17) 20...
Rda8 (20... c5 21. f3 cxd4 22. Nxd4 Ne5 23. Bb3 Qxb4 24. Nxe6 Rxd1 25. Rxd1
Bxe4 26. fxe4 Qc3 $19) 21. f3) 19. f3 {1/2-1/2 Touzane,O-Brenke,A/Lippstadt
1994 (19)}) 18... axb4 19. axb4 c5 20. bxc5 Bxf3 21. gxf3 bxc5 22. Ne2 cxd4 23.
Nxd4 Ne5 24. Be2 Rab8 $15) (11. O-O-O $5 O-O 12. Kb1 Rd8 13. h4 Nb6 14. Bd3 Nd5
15. a3 (15. Ne5 Nb4 $11) 15... Nxc3+ 16. Qxc3 $14) 11... Qe7 12. Rfd1 O-O 13.
Rac1 Nb6 14. Ne4 $6 $11 (14. Bb3 $14) 14... Nxc4 15. Qxc4 Rd8 16. Ne5 (16. b4
$132) 16... Bd7 17. a4 (17. Nc5 Be8 18. a3 (18. b4 a5) 18... b6 19. Ncd3 Rac8
20. b4 f6 21. Nf3 Bf7 22. Qc3 Qd6 23. e4 $132) 17... Be8 18. a5 (18. h3 $132)
18... f6 19. Nf3 (19. Nd3 b6 (19... Bf7 20. a6 e5 21. Qb4 Qxb4 22. Nxb4 $16)
20. Nf4 f5 21. Ng3 Rd6 22. e4 fxe4 23. Nxe4 Rd5 24. Ng3 Rd6 25. Ne4 Rd5 $11)
19... Bf7 $6 $14 {Black wants to open the game because of par BB} (19... b6 $1
$132) 20. Qa4 $6 $11 (20. a6 $1 bxa6 21. Qxc6 Rab8 22. Rd2 e5 23. dxe5 fxe5 24.
Rcd1 Rxd2 25. Rxd2 Qe6 26. Qc7 Qb6 27. Qe7 Re8 28. Qd7 $14) 20... Rac8 21. h3 (
21. a6 b6 22. b4 $132 (22. Rxc6 Be8 $17)) 21... Be8 22. Qc4 Rd5 (22... Bf7 $132
) 23. b4 (23. Nc5 b6 24. e4 Rd6 25. axb6 (25. e5 fxe5 26. Ne4 Rd5 27. Nxe5 Rxa5
28. b4 Rd5 $17) 25... axb6 26. e5 fxe5 27. Ne4 Rxd4 28. Nxd4 exd4 29. Qb3 b5
30. Nc5 Bf7 $15) 23... Bf7 24. Qc3 (24. Nc3 Rd7 25. e4 $11) 24... g5 (24... e5
25. dxe5 fxe5 26. Rxd5 Bxd5 27. Qc5 Rc7 28. Nfd2 $132) 25. Nc5 b6 26. e4 (26.
axb6 axb6 27. e4 $132) 26... Rdd8 27. Na4 (27. axb6 axb6 28. Na4 Qb7 29. Nb2
$132) 27... Qb7 28. Qe1 (28. Nb2 f5 29. exf5 exf5 30. Ne5 Bd5 31. Nbc4 $132)
28... Qa6 29. Ra1 Qb5 30. axb6 axb6 31. Nc3 Qxb4 32. Rdb1 Qe7 33. Rxb6 c5 34.
dxc5 (34. Nb5 cxd4 35. Nbxd4 $11 (35. Ra7 $2 Rd7 36. Rxd7 Qxd7 37. Nfxd4 (37.
Nd6 $2 Rc5 38. Nxd4 Qc7 $1 (38... f5 $2 39. Nxf7 Qxd4 40. exf5 Qf4 41. Nxg5 (
41. Nxh6+ Kh7 (41... Bxh6 42. Qxe6+ $18) 42. g3 Rc1 43. gxf4 Rxe1+ 44. Kg2 Bxh6
45. Rxe6 $11) 41... Qxg5 (41... hxg5 42. Qxe6+ Kf8 43. g3 Rc1+ 44. Kg2 Qc7 45.
f6 $18) 42. Qxe6+ Kh7 43. g4 Re5 44. Qg6+ Qxg6 45. fxg6+ Kg8 46. Rb8+ Bf8 47.
f4 Re3 48. Kg2 (48. f5 Rxh3 49. f6 Rg3+ 50. Kh2 Rxg4 51. g7 Rxg7 52. fxg7 Kxg7
$11) 48... Kg7 49. f5 Be7 50. Rb7 Kg8 51. Kf2 $14) 39. Qb4 Bf8 $19) 37... Bf8
$17)) 34... Qxc5 35. Na4 (35. Rb3 $11) 35... Qc2 36. Rb2 Qc7 37. Rab1 (37. Nb6
Rb8 38. Rab1 f5 39. Rb4 $11) 37... Qf4 38. Nb6 Rc6 $1 {In previous variation
this move was impossible.} 39. Rb3 $2 (39. Rb4 Bf8 40. Rc4 Be8 41. Qc3 Rxc4 42.
Qxc4 Rd6 $15) 39... Bg6 $19 40. Rb4 (40. Re3 Rb8 41. Na4 Rxb1 42. Qxb1 f5 43.
exf5 Bxf5 44. Qb5 Rc1+ 45. Ne1 Qd6 46. g4 Bg6 47. Qe2 Bd4 48. Rxe6 Qg3+ 49. Kh1
Qxh3+ 50. Kg1 Bf7 $19) 40... Bf8 41. Rd4 Rxd4 42. Nxd4 Rd6 43. Rb4 Qxe4 44. Qc3
e5 45. f3 exd4 46. Qb3+ Qe6 0-1

[Event "Bad Homburg"]
[Site "Bad Homburg"]
[Date "1996.??.??"]
[Round "4"]
[White "Alterman, Boris"]
[Black "Polgar, Sofia"]
[Result "1/2-1/2"]
[WhiteElo "2590"]
[BlackElo "2480"]
[Annotator "Tyomkin,D"]
[PlyCount "90"]
[EventDate "1996.07.20"]
[EventType "tourn"]
[EventRounds "9"]
[EventCountry "GER"]
[EventCategory "12"]
[SourceTitle "CBM 055"]
[Source "ChessBase"]
[SourceDate "1996.12.01"]
[SourceVersion "1"]
[SourceVersionDate "1996.12.01"]
[SourceQuality "1"]

1. d4 {Lutz} d5 2. c4 e6 3. Nf3 Nf6 4. Nc3 c6 5. Bg5 h6 6. Bxf6 Qxf6 7. e3 Nd7
8. a3 g6 9. b4 (9. Qc2) (9. Bd3) 9... dxc4 $1 $146 {Black doesn't want to
defend his position in Karlsbad structure [9...Bg710.cxd5],and want's to get
"normal"Moscow var. with couple of fiancette bishops on"g7"and"b7"and long
pressure on White's center} (9... Bg7 10. cxd5 exd5 11. Bd3 O-O 12. O-O Nb6 (
12... Qd6) 13. Qb3 Qd6 14. Rfc1 (14. a4 $5) 14... Be6 15. Nd2 Rfb8 $5 (15...
Rac8) (15... f5) 16. Rab1 (16. a4 $5) 16... a5 $1 17. bxa5 (17. Ne2 $5) 17...
Nd7 18. a4 Rxa5 19. Qc2 $1 {1-0 Piket,Je-Dreev,A/Wijk aan Zee 65/408 1996 (41)
/\ Nb3, a5}) 10. Bxc4 Bg7 11. O-O O-O 12. Bb3 (12. Rc1 $5 e5 (12... Rd8 13. Qe2
) (12... b6 $5) 13. d5 Nb6 14. Ne4 (14. dxc6 $2 Nxc4 15. Nd5 Qe6 (15... Qd6 16.
Rxc4 bxc6 $140 17. Rxc6) 16. Rxc4 (16. Nc7 $2 Qxc6 17. Nxa8 b5) 16... e4 $19)
14... Qe7 15. d6 (15. dxc6 Nxc4 16. Rxc4 bxc6 17. Nc5 a5 $10) 15... Qd8 16. Bb3
$13) (12. Qe2 $5) 12... b6 13. Rc1 Bb7 14. e4 Qe7 (14... a5 $5 15. b5 c5 (15...
cxb5 16. e5 Qf4 17. Nxb5 a4 $1 {/\Ra5} 18. Bc4 $14 (18. Bxa4 $140 Bxf3 19. gxf3
Nxe5)) 16. d5 Rad8 $13) 15. Re1 {[%csl Ge4]} Rac8 $15 {[%cal Gc8c3,Gg7c3,Gg7d4]
} (15... a5 $5 16. d5 $5 (16. bxa5 Rxa5 17. a4 $15) (16. b5 $6 Qxa3 (16... cxb5
17. Nxb5 $14) 17. bxc6 Bxc6 18. d5 (18. Nb1 Qd6 19. e5 Bxf3) 18... Nc5) 16...
axb4 17. axb4 (17. dxe6 Bxc3) 17... exd5 (17... Bxc3 18. Rxc3 exd5 (18... Qxb4
19. Rc4) 19. exd5 Qf6 (19... Qxb4 $2 20. Rc4 $18) 20. Rce3 $14) 18. exd5 Qxb4
19. Re4 Qd6 20. dxc6 $44) 16. Ba2 (16. e5 Rfd8 17. Qc2 (17. Qe2 $142 c5 $13)
17... c5 18. bxc5 bxc5 19. d5 c4 20. d6 Qf8 21. Ba4 Nc5 22. Rcd1 Nd3 23. Rxd3
cxd3 24. Qxd3 Rxd6 $1 $17) 16... Rfd8 17. Qb3 $6 {[%cal Gb3b7,Gb3f7] Lutz: Die
Aufstellung von Qb3 und Ba2 wirkt extrem gekünstelt.} (17. Qe2 c5 18. bxc5 bxc5
19. d5 exd5 20. Nxd5 Bxd5 $15) 17... Nf8 18. Red1 c5 {Lutz: Schwarz steht
bereits besser.} 19. d5 (19. bxc5 $6 bxc5 20. d5 c4 21. Qb4 (21. Qa4 Bxc3 22.
Rxc3 exd5 23. exd5 Bxd5 $17) 21... Qxb4 22. axb4 Bxc3 23. Rxc3 exd5 24. exd5
Bxd5 25. Ne5 Rb8 $17) 19... c4 $17 20. Qc2 Bxc3 21. Qxc3 exd5 22. exd5 Rxd5 $6
(22... Bxd5 $17 {[%csl Gc4]} 23. Re1 Ne6 {white doesn't have any compensation
for the pawn-it is the result of white's play in the opening.Maybe white can
get an advantage in Moscow var.[d43], but not this way.}) 23. Re1 Ne6 (23...
Qd6 24. Ne5 $1) (23... Qd8 $5 24. Qe3 Rd3 25. Qxh6 b5 $17) 24. Qe3 Rd3 25. Qxh6
Rxf3 $6 (25... Bxf3 $1 26. gxf3 (26. Bxc4 Rxc4 27. Rxc4 Bb7 28. Rh4 Qf6 $17)
26... Qg5+ 27. Qxg5 Nxg5 28. Rxc4 Nxf3+ 29. Kh1 Rxc4 30. Re8+ Kg7 31. Bxc4 Rxa3
32. Re7 Ng5 33. f4 Kf6 34. Rd7 Ne6 $17) (25... b5 26. Bb1 Rxf3 27. gxf3 Qf6 {
see25...Rxf3}) 26. gxf3 Qf6 27. Re3 b5 (27... Nd4 $2 28. Bxc4 $16 (28. Rxc4
Nxf3+ 29. Rxf3 Qa1+ 30. Kg2 Rxc4 31. Bxc4 Bxf3+ 32. Kxf3 Qc3+)) 28. Rce1 Rd8
29. Bb1 Rd5 (29... Bxf3 30. Be4 Bxe4 31. Rxe4 Rd5 $44) 30. f4 Rh5 31. Rxe6 Qxe6
32. Rxe6 Rxh6 $17 33. Re7 Bf3 34. Re3 $1 {[%cal Ge3g3,Ge3a3] White should take
care of his king} (34. Rxa7 $2 Rh4 $19 {[%csl Rg1]} 35. a4 (35. Ra5 Rg4+ $1 36.
Kf1 Rxf4 37. Rxb5 Rd4 38. Bc2 Rd2 39. Ba4 Ra2 40. Ke1 c3) 35... Rg4+ $1 (35...
Be2 36. h3) 36. Kf1 Rxf4 37. axb5 Rd4 38. Bc2 Rd2 39. Ba4 Ra2 40. Bd1 (40. Ke1
c3) 40... Rxa7 41. Bxf3 c3 $19) 34... Bc6 35. f5 g5 (35... gxf5 36. Bxf5 Rd6
37. h3 Rd1+ 38. Kh2 Rd2 39. Kg3 Rb2 40. h4 Kg7 $17) 36. f3 Rh3 $2 {Black
played well in the opening,but didn't manage to turn the advantage to the win
against experience grandmaster} (36... Kg7 37. Be4 Bxe4 38. Rxe4 Rd6 $17) (
36... Rd6 $1 37. Kf2 (37. Be4 Bxe4 38. fxe4 f6 39. Kf2 (39. e5 Rd3 $1 $19)
39... Rd2+ 40. Kg3 Rb2 $19) 37... Rd1 (37... Kg7) 38. Bc2 (38. Re1 Bxf3 $1)
38... Rc1 39. Be4 Bxe4 $19 40. Rxe4 (40. fxe4 Rc2+ 41. Kg3 Rb2 {/\Rb3}) 40...
Rc3) 37. f6 $1 Rxf3 $2 {probably missing the win} (37... g4 38. Be4 $1 (38. Re7
$2 Rxf3 39. Rc7 $140 Rxf6) (38. Kg2 Bxf3+ (38... gxf3+ 39. Kxh3 f2 40. Re8+ $1
Bxe8 41. Kg2) 39. Kg1 Bc6) 38... Bxe4 39. Rxe4 gxf3 40. Rg4+ $1 Kf8 41. Rd4 Ke8
42. Re4+ Kd8 $17) 38. Rxf3 Bxf3 39. Kf2 Bg4 (39... Bh5 40. Be4 Bg6 41. Bc6 c3
42. Ke3 c2 43. Kd2 Bd3 44. Bd5 $10) (39... Bd1 40. Ke3 c3 41. Be4 $10) 40. Be4
{[%csl Rb5,Rf7,Rg8]} Bd7 41. Ke3 Kf8 42. Kd4 Ke8 43. Bd5 Be6 44. Bc6+ Bd7 45.
Bd5 Be6 1/2-1/2